La Fructicultura extensiva a Califòrnia : notes d'un viatge d'estudi / per Ramon Sala notes d'un viatge d'estudi / per Ramon Sala
Descripción Física:
86 p., [4] làm. ; 22 cm
Materias:
Fructicultura -- Califòrnia
MARC
| LEADER | 00000nam a2200000Ia 4500 | ||
|---|---|---|---|
| 001 | 396 | ||
| 008 | 160829s9999 xx 000 0 cat d | ||
| 080 | |a C-1-456 | ||
| 100 | |a Sala, Ramon |9 22810 | ||
| 245 | |a La Fructicultura extensiva a Califòrnia : |b notes d'un viatge d'estudi / per Ramon Sala | ||
| 260 | |a Barcelona : |b [Escola Superior d'Agricultura], (1924) | ||
| 300 | |a 86 p., [4] làm. ; |c 22 cm | ||
| 490 | |a Publicacions de l'Escola Superior d'Agricultura | ||
| 590 | |a A la part superior de la portada: Mancomunitat de Catalunya. | ||
| 590 | |a Bibliografia. | ||
| 590 | |a Hi ha un duplicat a: DUP-284 | ||
| 650 | |a Fructicultura |x Califòrnia |9 22811 | ||
| 710 | 2 | |a Catalunya. |b Mancomunitat |9 53015 | |
| 710 | 2 | |a Escola Superior d'Agricultura de Barcelona |9 70055 | |
| 901 | |a Arxiu | ||
| 942 | |n 1 | ||
| 952 | |0 0 |1 0 |4 0 |6 C1456 |7 1 |9 42347 |a Arxiu |b Arxiu |d 2016-12-01 |l 0 |o C-1-456 |p 396 |r 2016-12-01 00:00:00 |w 2016-12-01 |y ARXIU | ||
| 999 | |c 44825 |d 44825 | ||